Basic gynecology and obstetrics

Spremljeno u:
Bibliografski detalji
Format: Knjiga
Jezik:Undetermined
Izdano: Norwalk, CT Appleton & Lange 1993
Teme:
Oznake: Dodaj oznaku
Bez oznaka, Budi prvi tko označuje ovaj zapis!
Thư viện lưu trữ: Trung tâm Học liệu Trường Đại học Cần Thơ
LEADER 00509nam a2200181Ia 4500
001 CTU_61367
008 210402s9999 xx 000 0 und d
020 |b 150000 
082 |a 618.1 
082 |b B311 
245 0 |a Basic gynecology and obstetrics 
245 0 |c Edited by Norman F. Gant and F. Gay Cunningham 
260 |a Norwalk, CT 
260 |b Appleton & Lange 
260 |c 1993 
650 |a Gynecology,Obstetrics 
904 |i Minh, Năm 
980 |a Trung tâm Học liệu Trường Đại học Cần Thơ